Представление документа в формате MARC21

Поле Инд. ПП Название Значение
Тип записи a
Библиографический уровень m
001 _ Контрольный номер RU\infra-m\znanium\bibl\1376388
005 _ Дата корректировки 20250915104110.4
008 Кодируемые данные 210316s2021 RU g rus u
020 a ISBN 978-5-238-03437-9
040 a Служба первич. каталог. Общество с ограниченной ответственностью «ЗНАНИУМ»
041 a Код языка текста rus
044 a Код страны публикации RU
084 2 Источник индекса okso
a Индекс другой классификации/Индекс ББК 41.04.04
084 2 Источник индекса okso
a Индекс другой классификации/Индекс ББК 37.04.01
084 2 Источник индекса okso
a Индекс другой классификации/Индекс ББК 40.04.01
084 2 Источник индекса okso
a Индекс другой классификации/Индекс ББК 39.04.01
084 2 Источник индекса okso
a Индекс другой классификации/Индекс ББК 37.04.02
084 2 Источник индекса okso
a Индекс другой классификации/Индекс ББК 38.04.01
084 2 Источник индекса okso
a Индекс другой классификации/Индекс ББК 38.03.01
084 2 Источник индекса okso
a Индекс другой классификации/Индекс ББК 39.03.01
084 2 Источник индекса okso
a Индекс другой классификации/Индекс ББК 37.03.02
084 2 Источник индекса okso
a Индекс другой классификации/Индекс ББК 41.03.04
084 2 Источник индекса okso
a Индекс другой классификации/Индекс ББК 37.03.01
084 2 Источник индекса okso
a Индекс другой классификации/Индекс ББК 40.03.01
100 1_ a Автор Сухов Анатолий Николаевич
q Полное имя Анатолий Николаевич
245 a Заглавие Социальная конфликтология
b Продолж. заглавия Учебное пособие
c Ответственность Рязанский государственный университет им. С.А. Есенина
260 a Место издания Москва
b Издательство Издательство "ЮНИТИ-ДАНА"
c Дата издания 2021
300 a Объем 255 с.
520 a Аннотация В учебном пособии раскрываются понятие и структура конфликта, его динамика, стадии развития, функции и классификация. Особое внимание уделяется освещению истории развития как западной, так и отечественной социальной конфликтологии. Излагается социально-психологический подход к пониманию различных видов конфликта. Содержатся не только теоретические, но и прикладные аспекты реальной практики урегулирования и разрешения социальных конфликтов. Анализируются различные технологии их превенции.
521 a Примеч. о целев. назн. ВО - Бакалавриат
650 a Основная рубрика Педагогика. Образование. Психология
x Основная подрубрика Конфликтология
852 x Примечание, не предназначенное для пользователя znanium2022
856 4_ a Имя сервера/домена znanium.com
m Помощь ebs_support@infra-m.ru
n Местонахождение сервера НИЦ ИНФРА-М
u URL http://znanium.com/catalog/document?id=375703
z Примечание для пользователя Участвует в КО
856 41 a Имя сервера/домена znanium.com
d Путь /cover/1376
f Электронное имя 1376388.jpg
u URL https://znanium.com/cover/1376/1376388.jpg